George Eastman /

Bibliographic Details
Main Author: Ackerman, Carl W. (Carl William), 1890-1970
Format: Book
Language:English
Published: Boston, New York : Houghton Mifflin Company, 1930.
Subjects:

MARC

Tag First Indicator Second Indicator Subfields
LEADER 00000cam a2200000 4500
001 in00000099567
005 20150926125627.0
008 741022s1930 eng u
010 |a  30009003  
020 |a 0678035563 
035 |a (OCoLC)01049300 
035 |9 AAL3988AM 
040 |c TLM  |d TXA  |d UtOrBLW 
049 |a TXAM  |c [138218] 
050 0 0 |a TR140.E3  |b A3 
082 0 |a 338.7/61/77  |a B 
100 1 |a Ackerman, Carl W.  |q (Carl William),  |d 1890-1970. 
245 1 0 |a George Eastman /  |c by Carl W. Ackerman; with an introduction by Edwin R. A. Seligman ... 
264 1 |a Boston,  |a New York :  |b Houghton Mifflin Company,  |c 1930. 
300 |a xviii, 522 pages :  |b frontispiece, plates, portraits ;  |c 25 cm. 
336 |a text  |b txt  |2 rdacontent 
337 |a unmediated  |b n  |2 rdamedia 
338 |a volume  |b nc  |2 rdacarrier 
600 1 0 |a Eastman, George,  |d 1854-1932. 
999 |a MARS 
999 f f |s 5f53489b-6f51-3f0d-b93b-de0ebc10d026  |i 42a507fb-85f7-3724-8ac4-f5e5e580fd8d  |t 0 
952 f f |p ric  |a Texas A&M University  |b Rellis Campus  |c Joint Library Facility  |d Remote Storage  |t 0  |e TR140.E3 A3  |h Library of Congress classification  |i unmediated -- volume  |m A14805622587 
998 f f |a TR140.E3 A3  |t 0  |l Remote Storage